00811nam a2200205Ia 450000500170000000800410001704000600005804100080011810000310012624501570015726000550031430000180036949000380038760000710042565000110049665000240050765000170053165000260054870000310057420230118081732.0130821s1990 ck gr spa  aCo-BoUCMbspacDeissy Garcia (modificó)dDoris Forero aspa1 aCuervo, Ángeld1838-189610aEpistolario bde Ángel y Rufino José Cuervo con colombianoscAngel Cuervo...[et al.]; edición, presentación y notas de Angelina Araújo Vélez aBogotá (Colombia)bInstituto Caro y Cuervoc1990 a2 volúmenes aArchivo epistolar colombianovXXI aCuervo, Rufino, Joséd1844-1911vCorrespondencia, memorias, etc.04aCartas04aEnsayos colombianos04aEpistolarios04aLiteratura colombiana1 aAraújo Vélez, Angelina